000 00302nam a2200133Ia 4500
005 20251222143246.0
008 251222s9999||||xx |||||||||||||| ||spa||
020 _a950-12-6532-3
082 _a791.43/O91
100 _aOubiña, David
245 0 _aJean-Luc Godard:
264 _bPaidós
942 _cLIB
999 _c14784
_d14784